Most expensive football transfers - Born in 1987 - Statistics

General Stats
  • This quiz has been taken 23 times
  • The average score is 10 of 10
Answer Stats
Fee (M €) Season Nationality Left Joined Player % Correct
90,00 2016-2017 Argentina SSC Napoli Juvenuts Gonzalo Higuaín
100%
36,00 2013-2014 Argentina Real Madrid SSC Napoli Gonzalo Higuaín
100%
81,72 2014-2015 Uruguay Liverpool Barcelona Luis Suárez
100%
38,25 2015-2016 Chile Juventus Bayern Munich Arturo Vidal
95%
49,50 2014-2015 Brazil Chelsea Paris SG David Luiz
95%
35,00 2016-2017 Brazil Pairs SG Chelsea David Luiz
95%
64,50 2013-2014 Uruguay SSC Napoli Paris SG Edinson Cavani
95%
35,00 2009-2010 France Olympique Lyon Real Madrid Karim Benzema
95%
42,00 2017-2018 Italy Juventus AC Milan Leonardo Bonucci
86%
35,00 2018-2019 Italy AC Milan Juventus Leonardo Bonucci
86%
No matching quizzes found
Score Distribution
Percent of People with Each Score
Percentile by Number Answered
Your Score History
You have not taken this quiz